00442nam a2200121 a 4500008004100000020001500041050001600056100001800072245010400090260004600194350000900240650007100249120416s1987 ||||||||||||||||| || u a8190002635 aHG 4026 Aga aAgarwal, R. N10aCorporate investment and financing behaviour: an econometric analysis of Indian automobile industry aNew Delhi:bCommonwealth Publishersc1987 a0.00 aAUTOMOBILE INDUSTRY AND TRADE--INDIA--FRANANCE--ECONOMETRIC MODELS